00821nam a22002417a 4500003000500000005001700005008004100022010000900063011000900072035000900081040000900090110005900099245018800158260003700346300001000383490003200393500001100425650003100436650003200467650002300499650002500522830003200547CHAP20220817041024.0971013s1989 r 00010 d a4741 a5713 a4928 cCHAP aPrograma de las Naciones Unidas para el Medio Ambiente aInforme de avances del proyecto sobre la potencialidad natural y ordenación racional de los ecosistemas forestales tropicales y subtropicales en América Central y México (PSR-6) aBrasilia, Brasil :bPNUMA,c1989 a16 p. aUNEP/LAC-IGWG. VI/Inf,v; 8 a54-12114aBosquesxAdministración.14aBosquesxAmérica Central.14aBosquesxMéxico.14aBosquesxTrópicos.0 aUNEP/LAC-IGWG. VI/Inf,v; 8